=LDR 00000nam 2200000 4500 =001 INLIS000000000061656 =005 20221103085943 =035 ##$$a 0010-1122000037 =007 ta =008 221103###########################0#ind## =082 ##$$a 350 =084 ##$$a 350 Pam p =100 #$$a Pamudji =245 1#$$a Perbandingan Pemerintahan /$c Pamudji =250 ##$$a cet 3 =260 ##$$a Jakarta :$b Bina Aksara,$c 1988 =300 ##$$a 279 halaman : $b ilustrasi ; $c 21 cm =650 #4$$a Pemerintahan =990 ##$$a 26552655